|
|
|
|
| LEADER |
00000nab a2200000ua 4500 |
| 001 |
vtls010768172 |
| 003 |
SK-MaSNL |
| 005 |
20260304201639.0 |
| 008 |
250718s2010 xo |||||||||||||||||slo| |
| 035 |
|
|
|a (urnnbn)urn:nbn:sk:snk:ar-a02jfz
|
| 035 |
|
|
|a (uuid)d43a64a6-86e4-41b5-baab-b5c2af4fd846
|
| 035 |
|
|
|a urn:nbn:sk:snk-ab4lob
|
| 040 |
|
|
|a SNKBUCL
|b slo
|c SNKBUCL
|e AACR2
|
| 041 |
0 |
|
|a slo
|
| 044 |
|
|
|a xo
|c SK
|
| 100 |
1 |
|
|a Schwarzová, Katarína,
|d 1962-
|4 aut
|9 15164
|
| 245 |
1 |
0 |
|a Lymeská borelióza
|b významný epidemiologický, klinický, diagnostický i terapeutický problém
|c Katarína Schwarzová, Zina Košťanová
|
| 700 |
1 |
|
|a Košťanová, Zina
|4 aut
|9 502038
|
| 773 |
0 |
|
|t Lekárnik : odborno-informačný mesačník
|g Roč. 15, č. 6 (2010), s. 40-43
|
| 850 |
|
|
|a Slovenská národná knižnica
|
| 852 |
|
|
|a Slovenská národná knižnica
|
| 954 |
|
|
|a odborná, vedecká literatúra pôvodná (slovenská)
|2 lita
|
| 958 |
|
|
|a article3
|
| 958 |
|
|
|a OND
|
| 958 |
|
|
|a EUIPO
|
| 999 |
|
|
|c 3096713
|d 3098643
|